Test de rapidité - le clavier azerty - Statistiques

Statistiques générales
  • Ce quiz a été pris 791 fois
  • Le résultat moyen est 21 sur 26
Statistiques - réponses
Answerh % Correct
a
98%
e
96%
z
92%
r
90%
t
89%
y
87%
i
86%
u
85%
d
84%
o
84%
f
83%
p
83%
s
82%
g
81%
b
80%
c
80%
h
80%
j
79%
q
79%
k
78%
n
78%
l
77%
m
77%
w
75%
v
74%
x
74%
Aucun quiz correspondant
Distribution des résultats
% des personnes avec chaque résultat
Percentile par nombre de réponses
Votre historique - résultats
Vous n’avez pas pris ce quiz